000 00362 a2200169 4500
001 189241
020 _a978-85-249-1573-4
040 _cMagnum
100 _aGrudzien, Heliana
240 1 0 _aTrenzinhos de papel
_lpor
245 1 0 _aTrenzinhos de papel
300 _a32
362 0 _a2010
440 1 _aCortez
697 _aLITERATURA INFANTIL
942 _cBK
999 _c189241
_d189241